[Event "Let's Play Chess!"]
[Site "http://www.queenalice.com/game.php?id=1847611"]
[Date "2024.12.1"]
[Round "-"]
[White "igor12345"]
[Black "boilermaker1234"]
[Result "0-1"]
[WhiteElo "2044"]
[BlackElo "2434"]

1. e4 c5 2. Nf3 e5 3. Bc4 Nc6 4. O-O Be7 5. Nc3 Nf6 6. a3 O-O 7. d3 a6 8. Bd2 d6
9. Nd5 Nxd5 10. Bxd5 a5 11. a4 Be6 12. Ba2 Bxa2 13. Rxa2 d5 14. Qe2 dxe4 15.
Qxe4 Bf6 16. Qc4 b6 17. c3 Re8 18. Raa1 Ne7 19. Qe4 Qd7 20. Rad1 Rad8 21. Bc1
Nc8 22. Qc4 Nd6 23. Qb3 Qc7 24. Rfe1 Nf5 25. Qc2 Qd7 26. b3 Nh4 27. Nxh4 Bxh4
28. g3 Bf6 29. Bb2 h5 30. Kg2 h4 31. h3 hxg3 32. fxg3 Qc6+ 33. Kf2 e4 34. h4
exd3 35. Rxe8+ Rxe8 36. Qxd3 Qe6 37. Qf3 Qxb3 38. Rd2 Qxa4 39. Re2 Rxe2+ 40.
Qxe2 Qd7 41. Kg2 Qc6+ 42. Kh2 b5 43. Kg1 c4 44. Qe3 b4 45. Kf2 Qd7 46. Bc1 Bxc3
47. Kg2 Qd5+ 48. Kh2 Bd4 49. Qe8+ Kh7 50. Qe2 b3 51. Bb2 c3 0-1

[Event "AUTO-ELITE-2542"]
[Site "http://www.queenalice.com/game.php?id=1848818"]
[Date "2024.12.15"]
[Round "2"]
[White "boilermaker1234"]
[Black "Sexxy_Bunny"]
[Result "1/2-1/2"]
[WhiteElo "2429"]
[BlackElo "2697"]

1. d4 Nf6 2. Nf3 d5 3. Nc3 g6 4. Bf4 Bg7 5. Nb5 Na6 6. e3 O-O 7. Nc3 Nb8 8. Nb5
Na6 9. Nc3 Nb8 10. Nb5 Na6 1/2-1/2

[Event "AUTO-ELITE-2542"]
[Site "http://www.queenalice.com/game.php?id=1848819"]
[Date "2024.12.15"]
[Round "2"]
[White "Sexxy_Bunny"]
[Black "boilermaker1234"]
[Result "1-0"]
[WhiteElo "2669"]
[BlackElo "2435"]

1. e4 c5 2. Nf3 e6 3. d4 cxd4 4. Nxd4 Nf6 5. Nc3 Nc6 6. Ndb5 d6 7. Bf4 e5 8. Bg5
a6 9. Na3 b5 10. Nd5 Be7 11. Bxf6 Bxf6 12. c3 O-O 13. Nc2 Bg5 14. a4 bxa4 15.
Rxa4 Ne7 16. Ncb4 a5 17. Bb5 Nxd5 18. Nxd5 Rb8 19. Qe2 Be6 20. Bc4 Bd7 21. Ra2
a4 22. O-O Bc6 23. Nb4 Bd7 24. Rfa1 g6 25. Bd3 Qf6 26. Bc2 Qf4 27. Bxa4 Bg4 28.
Qc4 Be6 29. Nd5 Qh4 30. b4 Rbc8 31. Bc6 Kg7 32. b5 Bd8 33. Qb4 Bxd5 34. Bxd5 Rb8
35. c4 Qf6 36. g3 Bb6 37. Kg2 Bc5 38. Qd2 Bd4 39. Rb1 h6 40. Ra6 Qd8 41. f4 Bb6
42. Qc3 Bd4 43. Qd2 Bb6 44. f5 gxf5 45. exf5 Qg5 46. Qd3 Qf6 47. Qf3 Rfe8 48.
Re1 Re7 49. Re2 Bc5 50. Be4 Qg5 51. h4 Qf6 52. Qh5 Kf8 53. g4 Qg7 54. Rea2 Rd7
55. g5 hxg5 56. hxg5 Be3 57. g6 fxg6 58. fxg6 Ke7 59. Ra8 Rbd8 60. Qh7 1-0

[Event "AUTO-ELITE-2542"]
[Site "http://www.queenalice.com/game.php?id=1848820"]
[Date "2024.12.15"]
[Round "2"]
[White "boilermaker1234"]
[Black "trompmaster"]
[Result "1-0"]
[WhiteElo "2432"]
[BlackElo "2438"]

1. e4 d6 2. Nf3 Nf6 3. Nc3 e5 4. d4 Nbd7 5. Bc4 h6 6. O-O Be7 7. dxe5 Nxe5 8.
Nxe5 dxe5 9. Qxd8+ Bxd8 10. f3 c6 11. Be3 b5 12. Bb3 a5 13. a4 Ba6 14. axb5 cxb5
15. Nd5 Nxd5 16. Bxd5 Rc8 17. c3 b4 18. Rfc1 bxc3 19. Rxc3 Rxc3 20. bxc3 Ke7 21.
Bc5+ Kf6 22. c4 Bc7 23. Ba7 Rc8 24. c5 Bb5 25. Rb1 Bd3 26. Ra1 Bb5 27. Bb6 a4
28. Rb1 Bxb6 29. cxb6 Bd7 30. b7 Rb8 31. Rb6+ Ke7 32. Ra6 Kd8 33. Kf2 f6 34. Ke3
Kc7 35. Kd2 Bb5 36. Ra5 Kb6 37. Ra8 Kc7 38. g3 h5 39. f4 Be8 40. fxe5 fxe5 41.
Ra6 Bd7 42. Rg6 a3 43. Kc2 Rxb7 44. Bxb7 Kxb7 45. Rxg7 Kc6 46. Kb3 Bg4 47. Rg5
Kc5 48. Rxe5+ Kd4 49. Re7 Bf3 50. e5 Bg4 51. Kxa3 Kd5 52. Kb4 Bf3 53. Kc3 Be4
54. h4 Bf5 55. Re8 Be4 56. Kd2 Bg6 57. Re7 Bf5 58. Ke3 Bg6 59. Kf4 Bc2 60. g4
Bb3 61. gxh5 1-0

[Event "AUTO-ELITE-2542"]
[Site "http://www.queenalice.com/game.php?id=1848821"]
[Date "2024.12.15"]
[Round "2"]
[White "trompmaster"]
[Black "boilermaker1234"]
[Result "1/2-1/2"]
[WhiteElo "2423"]
[BlackElo "2435"]

1. Nf3 d5 2. c4 dxc4 3. Nc3 Nf6 4. e4 Be6 5. d4 cxd3 6. Bxd3 Nbd7 7. Be3 Bg4 8.
Qb3 Bxf3 9. gxf3 e6 10. O-O-O Bc5 11. Be2 Qc8 12. f4 c6 13. Bxc5 Nxc5 14. Qa3
Ncxe4 15. Nxe4 Nxe4 16. Rhe1 Qc7 17. f5 Qf4+ 18. Kb1 Nxf2 19. fxe6 Nxd1 20.
exf7+ Kxf7 21. Qb3+ Kf6 22. Qxd1 Rad8 23. Bd3 Kg5 24. Rf1 Rxd3 25. Qxd3 Qe5 26.
h4+ Kh6 27. Qd2+ Kg6 28. h5+ Kxh5 29. Rh1+ Kg6 30. Rg1+ Kh5 31. Rh1+ Kg6 32.
Rg1+ Kh5 33. Qd1+ Kh6 34. Rh1+ Kg6 35. Qg4+ Kf6 36. Rf1+ Ke7 37. Qb4+ Kd8 38.
Qxb7 Qd5 39. Qb8+ Kd7 40. Qxa7+ Kd6 41. Qg1 Qe4+ 42. Ka1 Re8 43. Rd1+ Kc7 44.
Qa7+ Kc8 45. Qa6+ Kb8 46. Qb6+ Ka8 47. Qa6+ Kb8 48. Qb6+ Ka8 49. Qa6+ Kb8
1/2-1/2

[Event "Let's Play Chess!"]
[Site "http://www.queenalice.com/game.php?id=1853304"]
[Date "2025.3.5"]
[Round "-"]
[White "igor12345"]
[Black "boilermaker1234"]
[Result "0-1"]
[WhiteElo "2103"]
[BlackElo "2441"]

1. e4 c5 2. Nf3 e6 3. e5 Nc6 4. c3 d6 5. exd6 Bxd6 6. Bb5 Ne7 7. d4 cxd4 8. Nxd4
O-O 9. Bg5 Nxd4 10. Qxd4 f6 11. Bh4 Nf5 12. Qe4 Qb6 13. a4 a6 14. Bc4 Qxb2 15.
Ra2 Qc1+ 16. Ke2 Qxh1 17. Bxe6+ Bxe6 18. Qxe6+ Kh8 19. Qxf5 Rae8+ 20. Kf3 Qd1+
0-1

[Event "Let's Play Chess!"]
[Site "http://www.queenalice.com/game.php?id=1854192"]
[Date "2025.3.20"]
[Round "-"]
[White "igor12345"]
[Black "boilermaker1234"]
[Result "0-1"]
[WhiteElo "2035"]
[BlackElo "2442"]

1. e4 c5 2. Nf3 Nc6 3. d4 cxd4 4. Nxd4 Nf6 5. Nc3 d6 6. Bb5 Bd7 7. Nxc6 bxc6 8.
Bc4 g6 9. O-O Bg7 10. Bb3 O-O 11. Bg5 h6 12. Bf4 a5 13. Qd2 a4 14. Bxa4 Nxe4 15.
Nxe4 Bxb2 16. Bb3 Bxa1 17. Rxa1 Qa5 18. Bxh6 Qxd2 19. Nxd2 Rfb8 20. Re1 Re8 21.
Nc4 Rab8 22. Bg5 Be6 23. Bf4 Bxc4 24. Bxc4 Rb4 25. Bxd6 Rxc4 26. Rxe7 Rxe7 27.
Bxe7 Re4 28. Bb4 Rxb4 0-1

[Event "Let's Play Chess!"]
[Site "http://www.queenalice.com/game.php?id=1856339"]
[Date "2025.5.4"]
[Round "-"]
[White "boilermaker1234"]
[Black "WY_Grampy"]
[Result "1-0"]
[WhiteElo "2452"]
[BlackElo "2213"]

1. d4 Nf6 2. Nc3 d5 3. Bf4 Nc6 4. Nf3 e6 5. a3 a6 6. e3 Bd6 7. Ne5 Nd7 8. Nxc6
bxc6 9. Bxd6 cxd6 10. Be2 Bb7 11. O-O c5 12. dxc5 dxc5 13. Re1 O-O 14. b3 Qc7
15. Na4 Qc6 16. c4 d4 17. Bf3 Qc7 18. Bxb7 Qxb7 19. exd4 Rac8 20. Nxc5 Nxc5 21.
dxc5 Rxc5 22. Re3 Qc7 23. Qg4 Rd8 24. h4 a5 25. a4 h5 26. Qe4 Rf5 27. Rf3 Re5
28. Qf4 Rd7 29. Rf1 Qc5 30. g3 f6 31. Qc1 Re7 32. Rd1 Kf7 33. Rd8 Re2 34. Rd2
Qe5 35. Rxe2 Qxe2 36. Re3 Qg4 37. Qd2 Qf5 38. Kg2 Rc7 39. Rf3 Qc5 40. Re3 Rb7
41. Qe2 Qc6+ 42. Kg1 1-0

[Event "AUTO-ELITE-2585"]
[Site "http://www.queenalice.com/game.php?id=1857997"]
[Date "2025.5.29"]
[Round "1"]
[White "raulzampronha"]
[Black "boilermaker1234"]
[Result "0-1"]
[WhiteElo "2265"]
[BlackElo "2448"]

1. e4 c5 2. Nf3 d6 3. d4 cxd4 4. Nxd4 Nf6 5. Nc3 a6 6. Bg5 Nbd7 7. f4 Qb6 8. Qd2
Qxb2 9. Rb1 Qa3 10. Bxf6 gxf6 11. Nd5 Rb8 12. Nc7+ Kd8 13. Nd5 Nc5 0-1

[Event "AUTO-ELITE-2585"]
[Site "http://www.queenalice.com/game.php?id=1857998"]
[Date "2025.5.29"]
[Round "1"]
[White "boilermaker1234"]
[Black "raulzampronha"]
[Result "1-0"]
[WhiteElo "2443"]
[BlackElo "2272"]

1. d4 Nf6 2. Nc3 d5 3. Nf3 Bf5 4. Bf4 a6 5. e3 e6 6. Bd3 Bg6 7. O-O c5 8. dxc5
Bxc5 9. Bxg6 hxg6 10. Qe2 Nc6 11. Rad1 Qe7 12. Na4 Ba7 13. h3 1-0

[Event "AUTO-ELITE-2585"]
[Site "http://www.queenalice.com/game.php?id=1858001"]
[Date "2025.5.29"]
[Round "1"]
[White "checkers4me"]
[Black "boilermaker1234"]
[Result "0-1"]
[WhiteElo "2379"]
[BlackElo "2455"]

1. d4 e6 2. c4 Bb4+ 3. Bd2 Bxd2+ 4. Qxd2 Nf6 5. Nc3 O-O 6. e4 d5 7. e5 Ne4 8.
Nxe4 dxe4 9. O-O-O b5 10. Ne2 bxc4 11. Nc3 Bb7 12. Bxc4 Nd7 13. Rhe1 c5 14. Nxe4
Nb6 15. Bd3 cxd4 16. Nd6 Rb8 17. Bc2 Bd5 18. Qxd4 Bxa2 19. Re3 Bd5 20. Rg3 Nd7
21. Qf4 g6 22. Qh6 Qe7 23. f4 f5 0-1

[Event "AUTO-ELITE-2585"]
[Site "http://www.queenalice.com/game.php?id=1858002"]
[Date "2025.5.29"]
[Round "1"]
[White "boilermaker1234"]
[Black "checkers4me"]
[Result "1-0"]
[WhiteElo "2461"]
[BlackElo "2369"]

1. d4 Nf6 2. Nf3 d5 3. Nc3 Nc6 4. a3 Bf5 5. Bf4 e6 6. e3 Bd6 7. Ne5 a6 8. Nxc6
bxc6 9. Na4 Nd7 10. Rc1 O-O 11. c4 Bxf4 12. exf4 Nb6 13. Nxb6 cxb6 14. Be2 Qd6
15. c5 bxc5 16. Rxc5 Qxf4 17. O-O a5 18. Rxc6 Rac8 19. Rxc8 Rxc8 20. Bd3 Bxd3
21. Qxd3 Rc1 22. b4 axb4 23. axb4 1-0

[Event "AUTO-ELITE-2585"]
[Site "http://www.queenalice.com/game.php?id=1860113"]
[Date "2025.7.18"]
[Round "2"]
[White "Ahlkhanvio"]
[Black "boilermaker1234"]
[Result "1-0"]
[WhiteElo "2594"]
[BlackElo "2470"]

1. d4 d5 2. c4 dxc4 3. e3 c5 4. Nf3 Nf6 5. Bxc4 e6 6. O-O a6 7. dxc5 Qxd1 8.
Rxd1 Bxc5 9. Be2 O-O 10. Ne5 Nbd7 11. Nc4 b5 12. Na5 Ne5 13. Bd2 Rd8 14. Bc3
Rxd1+ 15. Bxd1 Bd6 16. Nd2 Nd5 17. Bd4 Nd3 18. Bf3 Be5 19. Bxe5 Nxe5 20. Be2 Bd7
21. Rc1 Rc8 22. Rxc8+ Bxc8 23. f4 Ng6 24. Kf2 e5 25. g3 exf4 26. exf4 Nge7 27.
Ne4 Kf8 28. Nc5 Ke8 29. a4 Nc7 30. axb5 axb5 31. Ke3 Nf5+ 32. Kd3 Ke7 33. Nab3
f6 34. Nd4 Nxd4 35. Kxd4 Kd6 36. Bd3 h6 37. f5 b4 38. g4 Nd5 39. Ne4+ Kc6 40.
Ng3 Nf4 41. Ke4 Nxd3 42. Kxd3 Kd5 43. Nh5 Ba6+ 44. Ke3 Kc4 45. Nxg7 Kd5 46. Kf4
Kd6 47. Nh5 Ke7 48. Ke4 Be2 49. h3 Bf1 50. Nf4 Kd6 51. Kd4 b3 52. Nd5 Bxh3 53.
Nxf6 Ke7 54. Ng8+ Kf7 55. Nxh6+ Kf6 56. Ke4 Kg5 57. Nf7+ Kf6 58. Ne5 Kg5 59.
Nf3+ Kf6 60. g5+ Kg7 61. Nd4 1-0

[Event "AUTO-ELITE-2585"]
[Site "http://www.queenalice.com/game.php?id=1860114"]
[Date "2025.7.18"]
[Round "2"]
[White "boilermaker1234"]
[Black "Ahlkhanvio"]
[Result "1/2-1/2"]
[WhiteElo "2467"]
[BlackElo "2594"]

1. d4 d5 2. Nf3 e6 3. c4 Nf6 4. g3 Be7 5. Bg2 O-O 6. O-O c6 7. Nbd2 b6 8. b3 Bb7
9. Bb2 Nbd7 10. Rc1 Rc8 11. e3 dxc4 12. Nxc4 c5 13. Qe2 cxd4 14. Nxd4 Bxg2 15.
Kxg2 a6 16. a4 Qc7 17. Qf3 Rfe8 18. Rc2 Nc5 19. Rfc1 Bf8 20. Ba3 Nfe4 21. b4 Ng5
22. Qd1 Qb7+ 23. f3 Nxa4 24. h4 e5 25. Nxe5 Rxc2+ 26. Qxc2 Rxe5 27. hxg5 b5 28.
Qc8 Qxc8 29. Rxc8 Nb6 30. Rc6 Nc4 31. Bc1 Nxe3+ 32. Bxe3 Rxe3 33. Rxa6 Bxb4 34.
Ra8+ Bf8 35. f4 b4 36. Rb8 g6 37. Nc6 b3 38. Nd4 Kg7 39. Nxb3 Re2+ 40. Kf3 Rb2
41. Ke4 Bc5 42. Rb7 Bf2 43. Kf3 Bd4 44. Rb5 Bg1 45. Rb7 Bf2 46. Rd7 Rxb3+ 47.
Kxf2 Rb2+ 48. Kf3 Rb3+ 49. Kg4 1/2-1/2

[Event "AUTO-ELITE-2599"]
[Site "http://www.queenalice.com/game.php?id=1865659"]
[Date "2025.11.16"]
[Round "1"]
[White "boilermaker1234"]
[Black "trompmaster"]
[Result "1/2-1/2"]
[WhiteElo "2466"]
[BlackElo "2482"]

1. d4 d5 2. Nf3 Nf6 3. Bf4 e6 4. a3 c5 5. e3 Nc6 6. h3 a6 7. Be2 cxd4 8. exd4
Nh5 9. Be3 Bd6 10. O-O Nf4 11. Bxf4 Bxf4 12. c3 O-O 13. Re1 Qb6 14. b4 e5 15.
dxe5 Bg3 16. Nd4 Bxe5 17. Nxc6 Qxc6 18. Bf3 Bb8 19. Bxd5 Qc7 20. g3 Ba7 21. Qf3
Be6 22. Bxb7 Rad8 23. Bxa6 Rd5 24. Bd3 Rfd8 25. Be4 R5d6 26. Qf4 Qc8 27. a4 Bxh3
28. Ra2 Rf6 29. Qh4 h6 30. Bb7 Qxb7 31. Qxh3 Rd3 32. Qg2 Qb8 33. Rae2 Bxf2+ 34.
Rxf2 Rxg3 35. Rxf6 Rxg2+ 36. Kxg2 gxf6 37. Nd2 Qd8 38. Nf3 Qd3 39. Rh1 Qxc3 40.
Rxh6 Qxb4 41. Rh4 Qd6 42. Rg4+ Kf8 43. Rh4 f5 44. Nd4 Qe5 45. Kf3 Kg7 46. Rf4
Kg6 47. Kg3 Qe1+ 48. Kf3 Qe5 49. Kg3 Qe1+ 50. Kf3 Qf1+ 51. Kg3 Qe1+ 1/2-1/2

[Event "AUTO-ELITE-2599"]
[Site "http://www.queenalice.com/game.php?id=1865660"]
[Date "2025.11.16"]
[Round "1"]
[White "trompmaster"]
[Black "boilermaker1234"]
[Result "1-0"]
[WhiteElo "2484"]
[BlackElo "2466"]

1. e4 e5 2. Nf3 Nc6 3. Bb5 a6 4. Ba4 Nf6 5. O-O Be7 6. Bxc6 dxc6 7. d3 Qd6 8. b3
O-O 9. Bb2 Nd7 10. Nbd2 b5 11. Qe2 Bf6 12. a4 Bb7 13. Rfd1 c5 14. Nf1 g6 15. h3
Bg7 16. Ne3 Rfe8 17. Ra2 f6 18. Rda1 b4 19. Nc4 Qe7 20. Na5 Rab8 21. Nd2 Ba8 22.
Re1 Nf8 23. Qd1 Rbd8 24. Ndc4 Ne6 25. Qg4 f5 26. exf5 gxf5 27. Qxf5 Nd4 28. Qg4
Kh8 29. Qh5 e4 30. dxe4 Rd5 31. e5 Rf8 32. Bc1 Rf5 33. Qg4 Rd8 34. Be3 Bh6 35.
Nd6 Rdf8 36. Nxf5 Nxf5 37. Bxh6 Nxh6 38. Qe2 Qg7 39. f4 Nf5 40. Qg4 Qd7 41. c3
bxc3 42. e6 Qd4+ 43. Kh2 Ne3 44. Qg5 c2 45. e7 Re8 46. Nc4 Nxg2 47. Ne5 Qxf4+
48. Qxf4 Nxf4 49. Rxc2 Kg7 50. Rc4 Ne6 51. Rf1 Rxe7 52. Rg4+ 1-0